les films de Robert De Niro - Statistiques

Statistiques générales
  • Ce quiz a été pris 226 fois
  • Le résultat moyen est 13 sur 35
Statistiques - réponses
Rôle Films % Correct
Un chauffeur de taxi justicier Taxi Driver
93%
Un homme envoyé par la mafia de Chicago pour diriger un casino et qui va tomber amoureux d'une prostituée Casino
86%
Dans ce face à face avec Pacino, le gangster c'est lui Heat
85%
Présentateur de télé qui reçoit dans son émission un ennemi de Batman Joker
75%
Un boxeur très connu Raging Bull
75%
La version jeune du plus grand mafieux du cinéma Le Parrain 2
74%
Un gangster américain d'origine irlandaise, acolyte d'Henry Hill Les Affranchis
73%
Al Capone Les Incorruptibles
64%
Un vieil homme qui se remémore sa vie : De son enfance dans les quartiers juifs,son ascension dans la pègre ou encore les trahisons. Il était une fois en Amérique
56%
Un papa quelque peu protecteur qui fait vivre un enfer à son gendre Mon beau-père et moi
56%
Un soldat du Vietnam qui joue à la roulette russe Voyage au bout de l'enfer
52%
Un ex-taulard bien décidé à se venger de son avocat qui l'a envoyé en prison Les nerfs à vif
50%
Une petite frappe proche de la folie qui veut intégrer la mafia Mean Street
40%
Un homme qui rêve de devenir comique et n'hésite pas à séquestrer un présentateur télé La Valse des Pantins
39%
Un saxophoniste amoureux d'une chanteuse qui va l'abandonner elle et leur enfant New York New York
39%
Un prêtre qui aide une bande de jeunes garçons victime d'agression sexuelle Sleepers
33%
Un parrain dépressif qui est obligé d'aller consulter un psy Mafia Blues
31%
Un malade coupé de la réalité et mutique depuis ses 11 ans L'Éveil
24%
Un ancien mafieux qui part avec sa famille dans un petit village de Normandie Malavita
24%
Ami et ancien codétenu d'un certain Ordell Jackie Brown
23%
Dans un monde totalitaire, un plombier chauffagiste dissident Brazil
20%
Un papa flambeur qui mise sur les matchs pour décrocher le gros lot et pouvoir ouvrir son restaurant Happiness Therapy
18%
Un retraité qui s'ennuie et décide de reprendre une activité dans une start-up Le Nouveau Stagiaire
18%
Un grand-père déjanté et obsédé sexuel qui emmène son petit-fils sur le point de se marier en virée Dirty Papy
17%
Un cambrioleur retraité doit faire équipe pour un dernier gros coup avec un homme de ménage qui se fait passer pour un attardé mental The Score
14%
Un redoutable homme d'affaires attiré par le pouvoir du NZT Limitless
13%
Sénateur qui est la cible d'un dangereux tueur mexicain à l'arme singulière Machete
12%
Un ancien flic devenu chasseur de primes qui cherche un comptable qui a escroqué son patron Midnight Run
11%
Dans les années 30 , un producteur de cinéma qui essaie de surmonter la mort de sa femme Le dernier Nabab
9%
Directeur de l'OSS et fondateur de la CIA Raisons d'État
7%
Un papa, responsable de garage, qui aide sa fille à monter son entreprise de balai serpillère Joy
6%
Un vieux flic qui enquête sur les meurtres de tueurs qu'il n'a pas réussi à arrêter au cours de sa carrière La Loi et l'Ordre
6%
Dans un autre univers, un capitaine de bateau qui a le nom d'un grand dramaturge anglais Stardust
5%
Un conseiller du président chargé d'inventer une guerre pour détourner l'opinion d'un scandale sexuel Des hommes d'influence
3%
Un psy qui élève seul sa fille après le suicide de sa femme et qui doit composer avec l'ami imaginaire de sa fille Trouble jeu
3%
Aucun quiz correspondant
Distribution des résultats
% des personnes avec chaque résultat
Percentile par nombre de réponses
Votre historique - résultats
Vous n’avez pas pris ce quiz